| 000 | 00505nam a22002057a 4500 | ||
|---|---|---|---|
| 999 |
_c10599 _d10599 |
||
| 003 | OSt | ||
| 008 | 210327b ||||| |||| 00| 0 eng d | ||
| 020 | _a9789351103974 | ||
| 100 | _aSPEED,Tim | ||
| 245 | _aMobile Security: How to Secure, Privatize, and Recover Your Devices | ||
| 250 | _a- | ||
| 260 |
_aNew Delhi _bSPD _c2013 |
||
| 300 | _a216 | ||
| 650 | _aCS | ||
| 700 | _aNYKAMP,Darla | ||
| 700 | _aHEISER,Mari | ||
| 700 | _aANDERSON,Joseph | ||
| 700 | _aNAMPALLI,Jaya | ||
| 942 |
_2ddc _cBK _06 |
||